000 00592nam a2200181 i 4500
001 66211
003 ES-MaACL
005 20250907063046.0
007 t|
008 040129s1923 sp |||| | spa d
100 1 _aGalán y Ruiz, Gabriel,
_d1869-1938
_9170555
245 1 4 _aLos grandes geómetras
_b: discurso leído en la apertura del curso de 1923-24 (Universidad de Oviedo) /
_cGabriel Galán.
260 _aOviedo :
_bFlórez,
_c1923.
300 _a83 p. ;
_c30 cm.
650 0 4 _aMatemáticos-
_xBiografías
_914840
852 _aES-MaACL
_j1654-F-14
999 _c66211
_d66211